Представление документа в формате RUSMARC

ПолеНазваниеЗначение
  Тип записи a
  Библиографический уровень c
001 Контрольный номер f4494ed66b15466480fb7b0b08480a3c
005 Дата корректировки 20201206205149.6
010 Индекс ISBN __
a ISBN 978-5-04-089320-1 (в пер.)
d Цена 367-40, 1000 экз.
100 Данные общей обработки __
a Данные общей обработки 19181115d2018||||||| 0rusy0189 ca
101 Язык документа 0_
a Язык текста rus
102 Страна публикации __
a Страна публикации ru|
102 Страна публикации __
a Страна публикации RU
105 Кодированные данные (монография) __
a Кодированные данные (монография) #||||||||||zy
200 Заглавие и сведения об ответственности 1_
a Заглавие Забойная история, или Шахтерская глубокая
e Сведения, относящиеся к заглавию [сборник]
f Первые сведения об ответственности Галина Шевченко
b Общее обозначение материала Текст
210 Выходные данные __
a Место издания Москва
c Издательство Э
d Дата издания 2018
215 Физическое описание __
a Объем 221, [2] с.
d Формат 18 см
225 Серия __
a Серия Претендент на бестселлер!
300 Общие примечания __
a Общие примечания Содержит нецензурную брань
327 Примечание о содержании __
a Примечание о содержании Табуретка
327 Примечание о содержании __
a Примечание о содержании Блокпост
327 Примечание о содержании __
a Примечание о содержании Самопал
327 Примечание о содержании __
a Примечание о содержании Подснежники
327 Примечание о содержании __
a Примечание о содержании Гуманитарка
327 Примечание о содержании __
a Примечание о содержании Обещание
327 Примечание о содержании __
a Примечание о содержании Поэзия
327 Примечание о содержании __
a Примечание о содержании Там, где
327 Примечание о содержании __
a Примечание о содержании Про Филипповну
330 Аннотация __
a Аннотация Однажды бухгалтер Аня из шахтерского поселка Чумаки отправилась на пикник с трудовым коллективом и провалилась под землю. Там, под землей, ее встретил волшебный шахтер Игнат Шубин, который предложил заключить сделку и сбрасывать в его подземелье мужчин, когда-либо Аню обидевших… За, казалось бы, непритязательным сюжетом скрывается рассказ о времени: о шахтерском труде, непростом быте, нравственных и психологических проблемах. Но в первую очередь Ганна Шевченко написала легкую, раблезиански веселую историю – и неожиданно провидческую. Сказку о нашей постсоветской жизни.
333 Примечание о целевом назначении __
a Примечание о целевом назначении 18+. Запрещено для детей
517 Другие варианты заглавия __
a Другие варианты заглавия Шахтерская глубокая
606 Тематические рубрики __
a Основная рубрика Художественная литература
606 Тематические рубрики __
a Основная рубрика Современная русская литература (произведения)
610 Ключевые слова __
a Ключевые слова романы
610 Ключевые слова __
a Ключевые слова повести
610 Ключевые слова __
a Ключевые слова современная проза
610 Ключевые слова __
a Ключевые слова рассказы
610 Ключевые слова __
a Ключевые слова стихотворения
610 Ключевые слова __
a Ключевые слова сказки для взрослых
610 Ключевые слова __
a Ключевые слова поэзия
610 Ключевые слова __
a Ключевые слова проза
610 Ключевые слова __
a Ключевые слова тема шахтеров
610 Ключевые слова __
a Ключевые слова тема советской действительности
610 Ключевые слова __
a Ключевые слова магический реализм
686 Индексы других классификаций __
2 Код системы rubbks
a Классификационный индекс 84(2=411.2)6-4; ст84(2Рос=Рус)6-4
700 Автор _1
a Фамилия Шевченко
b Имя Г. А.
f Даты 1975-
g Полное личное имя Ганна Александровна
4 Код отношения 070
801 Источник записи _0
a Страна ru
b Организация Муниципальное бюджетное учреждение культуры "Централизованная библиотечная система" г. Сургут (Центральная городская библиотека им. А. С. Пушкина)
c Дата составления 20181115
g Правила каталогизации PSBO
801 Источник записи _1
a Страна ru
b Организация Муниципальное бюджетное учреждение культуры "Централизованная библиотечная система" г. Сургут (Центральная городская библиотека им. А. С. Пушкина)
c Дата составления 20181115
g Правила каталогизации PSBO
852 Данные о местонахождении __
j Шифр хранения 84(2=411.2)6-4
i Авторский знак Ш 37
901 Тип документа __
t Тип документа x
a Ответственный КиК/Мамарузиева
903 Характеристики (МАРС) __
a Дата передачи 20181115
990 Данные о заказе (DOS) __
j Количество экземпляров (DOS) 7
t N записи в КСУ для И/У (DOS) 201811